[Event "GRE-ch U20"]
[Site "Trikala"]
[Date "2023.04.24"]
[Round "9"]
[White "Georgiadis, Athanasios Kat"]
[Black "Tragoudaras, Nikolaos"]
[Result "0-1"]
[WhiteElo "1764"]
[BlackElo "1821"]
[PlyCount "74"]
[EventDate "2023.04.18"]
[EventType "swiss"]
[EventRounds "9"]
[EventCountry "GRE"]
[SourceTitle "EXT 2024"]
[Source "ChessBase"]
[SourceDate "2023.10.10"]
[SourceVersion "1"]
[SourceVersionDate "2023.10.10"]
[SourceQuality "1"]

1. e4 c5 2. Nf3 a6 3. d4 cxd4 4. Nxd4 Nf6 5. Nc3 e5 6. Nb3 Bb4 7. Bd3 0-0 8. Bg5 d6 9. 0-0 Bxc3 10. bxc3 h6 11. Bxf6 Qxf6 12. Bc4 Be6 13. Bd5 Bxd5 14. Qxd5 Nc6 15. Na5 Nxa5 16. Qxa5 Rfc8 17. Rfd1 Rc6 18. Rd3 Rac8 19. Rad1 Qe7 20. h3 Rc5 21. Qb4 R8c6 22. f3 Qc7 23. a4 Kf8 24. Rd5 Rc4 25. Qa5 Qxa5 26. Rxa5 Rxc3 27. Rad5 Ke7 28. Rb1 b6 29. Rd2 R3c4 30. a5 b5 31. Rc1 Ra4 32. Rd5 Rxa5 33. c4 Ra4 34. c5 Rxc5 35. Rcxc5 dxc5 36. Rxe5+ Kd6 37. Re8 b4 0-1

[Event "GRE-ch U20"]
[Site "Trikala"]
[Date "2023.04.23"]
[Round "8"]
[White "Tragoudaras, Nikolaos"]
[Black "Kountrias, Kosmas Ioannis"]
[Result "1-0"]
[WhiteElo "1821"]
[BlackElo "1417"]
[PlyCount "45"]
[EventDate "2023.04.18"]
[EventType "swiss"]
[EventRounds "9"]
[EventCountry "GRE"]
[SourceTitle "EXT 2024"]
[Source "ChessBase"]
[SourceDate "2023.10.10"]
[SourceVersion "1"]
[SourceVersionDate "2023.10.10"]
[SourceQuality "1"]

1. e4 e5 2. Nf3 Nf6 3. Nxe5 d6 4. Nf3 Nxe4 5. d4 d5 6. Bd3 Bf5 7. 0-0 Be7 8. Re1 0-0 9. Nbd2 Nd6 10. Nf1 Bxd3 11. Qxd3 Nd7 12. Bf4 Re8 13. Ng3 Rc8 14. Re2 Nf8 15. Rae1 Ne6 16. Bc1 h6 17. Bxh6 gxh6 18. Rxe6 fxe6 19. Qg6+ Kf8 20. Nh5 Bf6 21. Nxf6 Ke7 22. Nxd5+ Kd7 23. Ne5# 1-0

[Event "GRE-ch U20"]
[Site "Trikala"]
[Date "2023.04.21"]
[Round "5"]
[White "Tragoudaras, Nikolaos"]
[Black "Tsarsitalidis, Christos"]
[Result "0-1"]
[WhiteElo "1821"]
[BlackElo "2076"]
[PlyCount "62"]
[EventDate "2023.04.18"]
[EventType "swiss"]
[EventRounds "9"]
[EventCountry "GRE"]
[SourceTitle "EXT 2024"]
[Source "ChessBase"]
[SourceDate "2023.10.10"]
[SourceVersion "1"]
[SourceVersionDate "2023.10.10"]
[SourceQuality "1"]

1. e4 c5 2. Nf3 d6 3. d4 cxd4 4. Qxd4 Nc6 5. Bb5 Bd7 6. Bxc6 Bxc6 7. Nc3 Nf6 8. Bg5 e6 9. 0-0-0 Be7 10. Rhe1 0-0 11. Kb1 Qa5 12. Qd2 Qc7 13. Nd4 Rfd8 14. f4 h6 15. Bxf6 Bxf6 16. g4 a6 17. g5 hxg5 18. fxg5 Be5 19. g6 Be8 20. h4 Qb6 21. gxf7+ Bxf7 22. Na4 Qc7 23. Rh1 d5 24. Qg2 dxe4 25. Qxe4 Qd6 26. Nb6 Qxb6 27. Qxe5 Rd5 28. Qe3 Rad8 29. Qg3 Qd6 30. Qxd6 R5xd6 31. c3 e5 0-1

[Event "Nikaia op 29th"]
[Site "Nikaia"]
[Date "2022.09.02"]
[Round "2"]
[White "Kontokanis, Andreas"]
[Black "Tragoudaras, Nikolaos"]
[Result "0-1"]
[WhiteElo "1481"]
[BlackElo "1810"]
[PlyCount "60"]
[EventDate "2022.09.01"]
[EventType "swiss"]
[EventRounds "9"]
[EventCountry "GRE"]
[SourceTitle "CBM 210 Extra"]
[Source "ChessBase"]
[SourceDate "2022.11.30"]
[SourceVersion "1"]
[SourceVersionDate "2022.11.30"]
[SourceQuality "1"]

1. d4 Nf6 2. Nc3 d5 3. Bf4 c6 4. e3 g6 5. Nf3 Bg7 6. Be2 Nbd7 7. Ne5 Nxe5 8. Bxe5 0-0 9. g4 b5 10. g5 Ne8 11. Bxg7 Nxg7 12. h4 Bf5 13. h5 b4 14. Na4 e5 15. f4 exf4 16. exf4 Re8 17. Qd2 Bg4 18. Rh2 Bxe2 19. Rxe2 Rxe2+ 20. Kxe2 Qd7 21. Rg1 Nxh5 22. Nc5 Qh3 23. Qe3 Qh2+ 24. Kf3 Ng7 25. Rg2 Qh3+ 26. Kf2 Qf5 27. Kf3 Re8 28. Qd3 Qh3+ 29. Kf2 Qh4+ 30. Kf3 Nf5 0-1

[Event "GRE-ch U16"]
[Site "Thessaloniki"]
[Date "2022.08.19"]
[Round "3"]
[White "Tragoudaras, Nikolaos"]
[Black "Stoimenidis, Dimitrios"]
[Result "1/2-1/2"]
[WhiteElo "1810"]
[BlackElo "1967"]
[PlyCount "81"]
[EventDate "2022.08.18"]
[EventType "swiss"]
[EventRounds "9"]
[EventCountry "GRE"]
[SourceTitle "EXT 2023"]
[Source "ChessBase"]
[SourceDate "2022.10.05"]
[SourceVersion "1"]
[SourceVersionDate "2022.10.05"]
[SourceQuality "1"]

1. e4 e5 2. Nf3 Nc6 3. Nc3 Nf6 4. d4 exd4 5. Nxd4 Bc5 6. Be3 Bb6 7. Be2 d6 8. f4 Ng4 9. Bxg4 Qh4+ 10. Bf2 Qxg4 11. Qxg4 Bxg4 12. Nb3 Be6 13. Bxb6 axb6 14. Kd2 Kd7 15. Nc1 f6 16. Nd3 Rad8 17. Rhe1 Kc8 18. h3 d5 19. e5 d4 20. Ne4 fxe5 21. fxe5 Rde8 22. Nef2 Rhf8 23. Re2 Bd5 24. Nh1 Bc4 25. Rae1 Bxd3 26. Kxd3 Re6 27. Ng3 Rfe8 28. b3 g6 29. Ne4 Rxe5 30. Nf6 Rxe2 31. Rxe2 Rxe2 32. Kxe2 h5 33. Kd3 Kd8 34. Nd5 Ne7 35. Kxd4 Nf5+ 36. Ke5 Nh4 37. Kf6 Nxg2 38. Kxg6 c6 39. Nxb6 Nf4+ 40. Kg5 Nxh3+ 41. Kxh5 1/2-1/2

[Event "GRE-chT 49th"]
[Site "Thessaloniki"]
[Date "2022.08.16"]
[Round "6.3"]
[White "Tragoudaras, Nikolaos"]
[Black "Trapalis, Theodoros"]
[Result "0-1"]
[WhiteElo "1810"]
[BlackElo "1811"]
[PlyCount "88"]
[EventDate "2022.08.12"]
[EventType "team-swiss"]
[EventRounds "7"]
[EventCountry "GRE"]
[SourceTitle "CBM 209 Extra"]
[Source "ChessBase"]
[SourceDate "2022.09.30"]
[SourceVersion "1"]
[SourceVersionDate "2022.09.30"]
[SourceQuality "1"]
[WhiteTeam "Ames Neas Erythreas"]
[BlackTeam "Piraikos"]
[WhiteTeamCountry "GRE"]
[BlackTeamCountry "GRE"]

1. e4 c5 2. Nf3 Nc6 3. d4 cxd4 4. Nxd4 Nf6 5. Nc3 e5 6. Ndb5 d6 7. Nd5 Nxd5 8. exd5 Nb8 9. a4 Be7 10. Be2 0-0 11. Bd2 f5 12. a5 a6 13. Na3 f4 14. Nc4 Bf5 15. Nb6 Ra7 16. Ra3 Nd7 17. Nc4 Ra8 18. Bb4 Rf6 19. 0-0 Qf8 20. Bg4 Rg6 21. Bxf5 Qxf5 22. Qe2 e4 23. f3 e3 24. Rd1 Rf8 25. Be1 Qh3 26. Kh1 Qh5 27. h3 Rf5 28. Rd4 Bf6 29. Re4 Be5 30. Nxe5 Nxe5 31. Bc3 Rfg5 32. Bxe5 dxe5 33. Rd3 Rxg2 34. Qxg2 Rxg2 35. Kxg2 Qg5+ 36. Kh1 Qg3 37. d6 Qxh3+ 38. Kg1 Qg3+ 39. Kh1 Qh3+ 40. Kg1 Qg3+ 41. Kh1 Qxf3+ 42. Kh2 Qg3+ 43. Kh1 f3 44. d7 Qg2# 0-1

[Event "GRE-chT 49th"]
[Site "Thessaloniki"]
[Date "2022.08.12"]
[Round "1.5"]
[White "Antoniou, Rafail"]
[Black "Tragoudaras, Nikolaos"]
[Result "1/2-1/2"]
[WhiteElo "1752"]
[BlackElo "1810"]
[PlyCount "97"]
[EventDate "2022.08.12"]
[EventType "team-swiss"]
[EventRounds "7"]
[EventCountry "GRE"]
[SourceTitle "CBM 209 Extra"]
[Source "ChessBase"]
[SourceDate "2022.09.30"]
[SourceVersion "1"]
[SourceVersionDate "2022.09.30"]
[SourceQuality "1"]
[WhiteTeam "Kallithea"]
[BlackTeam "Ames Neas Erythreas"]
[WhiteTeamCountry "GRE"]
[BlackTeamCountry "GRE"]

1. e4 c5 2. c3 Nf6 3. e5 Nd5 4. Nf3 Nc6 5. Bc4 Nb6 6. Bb3 c4 7. Bc2 d6 8. exd6 Qxd6 9. d4 cxd3 10. Qxd3 Qxd3 11. Bxd3 Bg4 12. Ke2 0-0-0 13. Bc2 e5 14. h3 Bh5 15. Re1 f6 16. Nbd2 Be7 17. Ne4 Bf7 18. Kf1 Kb8 19. b3 Rd7 20. Ng3 g6 21. Bb2 Rhd8 22. Rad1 Bd5 23. Kg1 Bxf3 24. gxf3 Rd2 25. Rxd2 Rxd2 26. Re2 Rxe2 27. Nxe2 f5 28. f4 e4 29. Nd4 Nxd4 30. cxd4 Nd5 31. f3 exf3 32. Bc1 Bd6 33. Kf2 Bxf4 34. Bb2 Bd2 35. Kxf3 Kc7 36. Bd3 Nf4 37. Bc3 Bxc3 38. Kxf4 Bxd4 39. Bc4 Kd6 40. Bg8 h6 41. Bh7 Be5+ 42. Kf3 f4 43. Bxg6 Kc5 44. Bf7 Kb4 45. a4 b6 46. Bc4 Bd6 47. Be6 Kc3 48. Bc4 Kd4 49. Bg8 1/2-1/2

[Event "GRE-ch U18"]
[Site "Kavala"]
[Date "2022.04.29"]
[Round "5"]
[White "Tragoudaras, Nikolaos"]
[Black "Krallis, Christos"]
[Result "0-1"]
[WhiteElo "1751"]
[BlackElo "2398"]
[PlyCount "78"]
[EventDate "2022.04.26"]
[EventType "swiss"]
[EventRounds "9"]
[EventCountry "GRE"]
[SourceTitle "CBM 208 Extra"]
[Source "ChessBase"]
[SourceDate "2022.07.31"]
[SourceVersion "1"]
[SourceVersionDate "2022.07.31"]
[SourceQuality "1"]

1. e4 g6 2. d4 Bg7 3. Nf3 d6 4. Bc4 Nf6 5. Nc3 0-0 6. 0-0 c6 7. h3 b5 8. Bd3 b4 9. Ne2 a5 10. Be3 Bb7 11. Ng3 Qc7 12. Qd2 c5 13. c3 Rd8 14. Rfe1 Ba6 15. Bxa6 Nxa6 16. Rac1 Qb7 17. Bh6 Bh8 18. c4 cxd4 19. Nxd4 Nc5 20. f3 Nfd7 21. Kh1 Ne5 22. Re3 a4 23. f4 b3 24. a3 Nc6 25. Nxc6 Qxc6 26. f5 Be5 27. fxg6 hxg6 28. Qe2 Bxg3 29. Rxg3 Qxe4 30. Qxe4 Nxe4 31. Re3 f5 32. g4 Kf7 33. gxf5 gxf5 34. Rf1 Ke6 35. Kh2 Rac8 36. Rc1 Rc6 37. Rd3 Rdc8 38. Rd4 Kf6 39. Be3 e5 0-1

[Event "GRE-chT 48th"]
[Site "Athens"]
[Date "2021.09.09"]
[Round "4.5"]
[White "Tragoudaras, Nikolaos"]
[Black "Bardis, Harilaos Panagiotis"]
[Result "1/2-1/2"]
[WhiteElo "1701"]
[BlackElo "1849"]
[PlyCount "112"]
[EventDate "2021.09.07"]
[EventType "team-swiss"]
[EventRounds "7"]
[EventCountry "GRE"]
[SourceTitle "CBM 204 Extra"]
[Source "ChessBase"]
[SourceDate "2021.11.30"]
[SourceVersion "1"]
[SourceVersionDate "2021.11.30"]
[SourceQuality "1"]
[WhiteTeam "Ames Neas Erythreas"]
[BlackTeam "Panellinios GS"]
[WhiteTeamCountry "GRE"]
[BlackTeamCountry "GRE"]

1. e4 c5 2. Nf3 d6 3. d4 cxd4 4. Nxd4 Nf6 5. Nc3 a6 6. h3 e5 7. Nb3 Be6 8. f4 Qc7 9. f5 Bc4 10. Bxc4 Qxc4 11. Qf3 b5 12. a3 Nbd7 13. Be3 Be7 14. Nd2 Qc6 15. 0-0 h5 16. Rfd1 Nb6 17. Rac1 Qb7 18. Bg5 Rc8 19. Nf1 Nc4 20. Rb1 a5 21. Bxf6 Bxf6 22. Nd5 h4 23. c3 Bg5 24. f6 g6 25. Qg4 Rh5 26. Kh1 Rd8 27. Rd3 Nb6 28. Nfe3 Nd7 29. Rf1 Nc5 30. Rdd1 Bxe3 31. Nxe3 Qxe4 32. Rfe1 Qxg4 33. Nxg4 Rf5 34. Rd5 a4 35. Kh2 Kd7 36. Nxe5+ Ke6 37. Rxc5 dxc5 38. Nc6+ Kd7 39. Nxd8 Kxd8 40. Re7 Rxf6 41. Rb7 b4 42. axb4 c4 43. Kg1 Ke8 44. Ra7 Rf4 45. Rxa4 Kd7 46. Ra5 Kc6 47. Ra1 Re4 48. Kf2 g5 49. Ra6+ Kd7 50. Ra7+ Ke6 51. Rc7 Rf4+ 52. Ke3 Kd6 53. Rc5 f6 54. Ra5 Kc6 55. Ra6+ Kb5 56. Ra5+ Kc6 1/2-1/2

[Event "GRE-chT 48th"]
[Site "Athens"]
[Date "2021.09.07"]
[Round "1.2"]
[White "Tragoudaras, Nikolaos"]
[Black "Kouvidis, Ioannis"]
[Result "0-1"]
[WhiteElo "1701"]
[BlackElo "2040"]
[PlyCount "134"]
[EventDate "2021.09.07"]
[EventType "team-swiss"]
[EventRounds "7"]
[EventCountry "GRE"]
[SourceTitle "CBM 204 Extra"]
[Source "ChessBase"]
[SourceDate "2021.11.30"]
[SourceVersion "1"]
[SourceVersionDate "2021.11.30"]
[SourceQuality "1"]
[WhiteTeam "Ames Neas Erythreas"]
[BlackTeam "OFI"]
[WhiteTeamCountry "GRE"]
[BlackTeamCountry "GRE"]

1. e4 c5 2. Nf3 Nc6 3. d4 cxd4 4. Nxd4 e5 5. Nb5 a6 6. Nd6+ Bxd6 7. Qxd6 Qf6 8. Qxf6 Nxf6 9. Nc3 Nb4 10. Bd3 d6 11. Be3 Be6 12. Rd1 Rc8 13. a3 Nxd3+ 14. Rxd3 Rc6 15. f3 h6 16. Kf2 Ke7 17. Rhd1 Rhc8 18. R3d2 b5 19. Rc1 Rc4 20. Rcd1 R4c6 21. Rc1 Rb8 22. Ra1 Rbc8 23. Rc1 Bc4 24. Rcd1 a5 25. b3 Bxb3 26. Nxb5 Bxc2 27. Nxd6 Rxd6 28. Rxd6 Bxd1 29. Rxd1 Nd7 30. Rd5 Rc2+ 31. Kf1 a4 32. Bd2 f6 33. Bb4+ Ke8 34. Ra5 Nb6 35. Ra7 Nc4 36. Rxa4 Ne3+ 37. Kg1 Rxg2+ 38. Kh1 Rf2 39. h4 Rxf3 40. Ra7 Rh3+ 41. Kg1 Rxh4 42. Re7+ Kf8 43. Rxe5+ Kf7 44. Re7+ Kg6 45. Kf2 Nc4 46. Kg3 Rh1 47. Ra7 Rg1+ 48. Kf4 Kh5 49. a4 Ne5 50. Ke3 Nc6 51. Rb7 Rb1 52. Rb5+ g5 53. Bc3 Rf1 54. Rf5 Rxf5 55. exf5 Kg4 56. Ke4 h5 57. Bxf6 h4 58. Be5 Nxe5 59. Kxe5 h3 60. f6 h2 61. f7 h1Q 62. f8Q Qa1+ 63. Ke6 Qa2+ 64. Ke5 Qb2+ 65. Ke6 Qb3+ 66. Ke5 Qc3+ 67. Ke6 Qc6+ 0-1

[Event "GRE-ch U20"]
[Site "Trikala"]
[Date "2021.08.26"]
[Round "5"]
[White "Kouvidis, Ioannis"]
[Black "Tragoudaras, Nikolaos"]
[Result "1-0"]
[WhiteElo "2040"]
[BlackElo "1690"]
[PlyCount "63"]
[EventDate "2021.08.23"]
[EventType "swiss"]
[EventRounds "9"]
[EventCountry "GRE"]
[SourceTitle "EXT 2022"]
[Source "ChessBase"]
[SourceDate "2021.10.06"]
[SourceVersion "1"]
[SourceVersionDate "2021.10.06"]
[SourceQuality "1"]

1. e4 c5 2. Nc3 d6 3. g3 g6 4. Bg2 Bg7 5. d3 Nc6 6. Be3 e5 7. Qd2 Nd4 8. Nd1 Ne7 9. c3 Ne6 10. Bh6 Bxh6 11. Qxh6 f5 12. exf5 Nxf5 13. Qd2 Qb6 14. Ne2 Bd7 15. Ne3 Nxe3 16. Qxe3 Ng7 17. 0-0 0-0 18. Qd2 Bc6 19. Bxc6 bxc6 20. d4 cxd4 21. cxd4 exd4 22. Nxd4 c5 23. Nb3 a5 24. Qd5+ Kh8 25. Rad1 a4 26. Nd2 Qxb2 27. Ne4 Nf5 28. Nxd6 Nxd6 29. Qxd6 Rac8 30. Rd2 Rfd8 31. Qxd8+ Rxd8 32. Rxb2 1-0

[Event "GRE-ch South U14"]
[Site "Athens"]
[Date "2020.09.01"]
[Round "7"]
[White "Tragoudaras, Nikolaos"]
[Black "Fragkos, Vasileios"]
[Result "0-1"]
[WhiteElo "1591"]
[BlackElo "1884"]
[PlyCount "60"]
[EventDate "2020.08.28"]
[EventType "swiss"]
[EventRounds "9"]
[EventCountry "GRE"]
[SourceTitle "EXT 2023"]
[Source "ChessBase"]
[SourceDate "2022.10.05"]
[SourceVersion "1"]
[SourceVersionDate "2022.10.05"]
[SourceQuality "1"]

1. e4 e5 2. Nf3 Nc6 3. d4 exd4 4. Nxd4 Bc5 5. Nb3 Bb6 6. Nc3 Nge7 7. Bg5 f6 8. Bh4 0-0 9. Qd2 d6 10. 0-0-0 Ng6 11. Bg3 f5 12. exf5 Bxf5 13. Nd5 Kh8 14. f4 Qd7 15. Bc4 Nge7 16. Bf2 Be4 17. Nxe7 Nxe7 18. Rde1 Bg6 19. Nd4 d5 20. Be2 c5 21. Nf3 Qa4 22. Kb1 Ba5 23. b3 Bxd2 24. bxa4 Bxe1 25. Rxe1 b6 26. Bd3 Bxd3 27. Rxe7 Be4 28. Ng5 Kg8 29. Be1 Rae8 30. Rxa7 Bxc2+ 0-1

[Event "Aegean op 43rd"]
[Site "Aghios Kirykos"]
[Date "2020.07.13"]
[Round "4"]
[White "Kotronias, Vasilios"]
[Black "Tragoudaras, Nikolaos"]
[Result "1-0"]
[WhiteElo "2510"]
[BlackElo "1543"]
[PlyCount "59"]
[EventDate "2020.07.10"]
[EventType "swiss"]
[EventRounds "7"]
[EventCountry "GRE"]
[SourceTitle "EXT 2021"]
[Source "ChessBase"]
[SourceDate "2020.10.23"]
[SourceVersion "1"]
[SourceVersionDate "2020.10.23"]
[SourceQuality "1"]

1. e4 c5 2. Nc3 d6 3. d4 cxd4 4. Qxd4 Nc6 5. Qd2 Nf6 6. b3 e6 7. Bb2 Be7 8. 0-0-0 a6 9. g4 Nd7 10. f4 b5 11. Nf3 Nc5 12. Qe3 Rg8 13. h4 b4 14. Ne2 a5 15. Ned4 Nxd4 16. Bxd4 Qc7 17. Bxc5 Qxc5 18. Qxc5 dxc5 19. Bb5+ Kf8 20. Ne5 g6 21. Nc6 Ba6 22. Ba4 Be2 23. Rd7 Re8 24. g5 Bf3 25. Re1 Bg4 26. Ne5 Bh5 27. Rb7 Ra8 28. f5 gxf5 29. exf5 exf5 30. Nd7+ 1-0

[Event "Athens Siaperas Memorial 16th"]
[Site "Athens"]
[Date "2020.02.15"]
[Round "7"]
[White "Delithanasis, Dimitrios"]
[Black "Tragoudaras, Nikolaos"]
[Result "1-0"]
[WhiteElo "1980"]
[BlackElo "1496"]
[PlyCount "91"]
[EventDate "2020.01.11"]
[EventType "swiss"]
[EventRounds "7"]
[EventCountry "GRE"]
[SourceTitle "EXT 2021"]
[Source "ChessBase"]
[SourceDate "2020.10.23"]
[SourceVersion "1"]
[SourceVersionDate "2020.10.23"]
[SourceQuality "1"]

1. d4 Nf6 2. c4 g6 3. f3 Bg7 4. e4 d6 5. Nc3 0-0 6. Nge2 a6 7. Be3 Nbd7 8. Qd2 b5 9. cxb5 axb5 10. Nxb5 c6 11. Nbc3 e5 12. g3 d5 13. exd5 Nxd5 14. Nxd5 cxd5 15. f4 exf4 16. Nxf4 Re8 17. Bg2 Nb6 18. b3 Ba6 19. Kf2 Qf6 20. Bf3 Ra7 21. Rae1 Rae7 22. Kg2 Qd6 23. Bf2 Bh6 24. Rxe7 Rxe7 25. Qa5 Bc8 26. Nxd5 Nxd5 27. Qxd5 Qxd5 28. Bxd5 Re2 29. Re1 Rxa2 30. Re8+ Kg7 31. Re7 Be6 32. Bxe6 Kf6 33. Rxf7+ Kxe6 34. Rf3 Bg7 35. Kf1 Rd2 36. Ke1 Rb2 37. Re3+ Kd5 38. Re7 Bf6 39. Rxh7 Ke4 40. Rf7 Kd3 41. Kf1 Bg5 42. h4 Bd2 43. Kg2 Ke4 44. Rf6 g5 45. Re6+ Kd3 46. h5 1-0